The business of science : the risks and rewards of research and development /

Saved in:
Bibliographic Details
Main Author: Fishlock, David
Format: Book
Language:English
Published: London : Associated Business Programmes, 1975.
Subjects:
LEADER 01082nam a2200277 i 4500
001 c000035403
003 CARM
005 00000000000000.0
008 760408s1975 enka b 00110 eng
015 |a GB75-09602 
019 1 |a 185790  |z 24417423  |5 LACONCORD2021 
020 |a 0852270313 :  |c L.4.95 
035 |a (OCoLC)1646982  |5 LACONCORD2021 
043 |a e-uk---  |a n-us--- 
050 0 0 |a T177.G7  |b F55 1975b 
100 1 |a Fishlock, David. 
245 1 4 |a The business of science :  |b the risks and rewards of research and development /  |c David Fishlock. 
260 |a London :  |b Associated Business Programmes,  |c 1975. 
300 |a 189 p. :  |b ill. ;  |c 25 cm. 
504 |a Includes bibliographical references and indexes. 
650 0 |a Research, Industrial  |z Great Britain. 
650 0 |a Research, Industrial  |z United States. 
852 8 |b CARM  |h A2:AI12E0  |i C04449  |p 0184012  |f BK 
082 0 4 |a 338.4/7/5072 
999 f f |i 0e261df6-0206-57c8-a189-cf2d4017c249  |s 0547ca35-6c07-55ef-8b8c-48142bcacc9b 
952 f f |p Can circulate  |a CAVAL  |b CAVAL  |c CAVAL  |d CARM 1 Store  |e C04449  |f A2:AI12E0  |h Other scheme  |i book  |m 0184012